| 000 | 00815nam a2200253Ia 4500 | ||
|---|---|---|---|
| 003 | OSt | ||
| 005 | 20221005103701.0 | ||
| 006 | a|||||r|||| 00| 0 | ||
| 007 | ta | ||
| 008 | 221004b |||||||| |||| 00| 0 hin d | ||
| 024 | _a52486 | ||
| 037 | _cTextual | ||
| 040 |
_aCRL _cCRL _bhin |
||
| 041 |
_2hin _ahin |
||
| 082 | _aO152,3N327x, N7 | ||
| 100 | _aइन्दिरा ‘नूपुर’ | ||
| 245 | 0 | _aयादों के चिनार | |
| 246 | _aYādoan ke chināra | ||
| 260 |
_aदिल्ली _bअनुराग प्रकाशन भारत _c1997 |
||
| 300 |
_a129पृ0 _ccm. |
||
| 650 | _aहिन्दी साहित्य | ||
| 942 |
_hO152,3N327x, N7 _cTEXL _2cc |
||
| 999 |
_c1010611 _d1010611 |
||